ბათუმის შოთა რუსთაველის სახელმწიფო უნივერსიტეტის ბიბლიოთეკა

ტრანსნაციონალური კომპანიები გლობალურ ბიზნესსა და სოციალურ გარემოში : პრობლემები, შესაძლებლობები, ტენდენციები : (ბიბ.ჩანაწერი № 58048)

000 -ლიდერი
ფიქსირებული სიგრძის საკონტროლო ველი 02036nam a22002297a 4500
003 - საკონტროლო ნომრის იდენტიფიკატორი
საკონტროლო ველი Ge_BSU
005 - ბოლო ოპერაციის თარიღი და დრო
საკონტროლო ველი 20210527133222.0
008 - ფიქსირებული სიგრძის მონაცემთა ელემენტები - ზოგადი ინფორმაცია
ფიქსირებული სიგრძის საკონტროლო ველი 210527s2021 ge ||||| |||| 00| 0 geo d
041 ## - ენის კოდი
Language code of text/sound track or separate title geo
080 ## - უნივერსალური ათობითი კლასიფიკაციის ინდექსი
Universal Decimal Classification number 339 ჯ-42
100 ## - მთავარი ჩანაწერი - პიროვნების სახელი
Personal name ჯიბლაძე, მალვინა
9 (RLIN) 11900
245 ## - ცნობა სათაურის შესახებ
Title ტრანსნაციონალური კომპანიები გლობალურ ბიზნესსა და სოციალურ გარემოში : პრობლემები, შესაძლებლობები, ტენდენციები :
Remainder of title (სამხრეთ- კავკასიის ქვეყნების მაგალითზე) /
Statement of responsibility, etc მალვინა ჯიბლაძე; სამეცნიერო ხელმძღვანელი ირაკლი მანველიძე, თეიმურაზ შენგელია; ბათუმის შოთა რუსთაველის სახელმწიფო უნივერსიტეტი.
264 ## - წარმოების, გამოცემის, დისტრიბუციის და სხვა ცნობები
გამოცემის, წარმოების, დისტრიბუციის... ადგილი ბათუმი,
გამოცემის, წარმოების, დისტრიბუციის... თარიღი 2021.
300 ## - ფიზიკური აღწერა
Extent 205 გვ.:
Other physical details ილ. ცხრ.,
Dimensions 30 სმ.
504 ## - BIBLIOGRAPHY, ETC. NOTE
Bibliography, etc ბიბლიოგრ. გვ. 175 - 189
653 ## - INDEX TERM--UNCONTROLLED
Uncontrolled term ტრანსნაციონალური კომპანიები გლობალურ ბიზნესსა და სოციალურ გარემოში : პრობლემები, შესაძლებლობები, ტენდენციები
653 ## - INDEX TERM--UNCONTROLLED
Uncontrolled term ეკონომიკა
700 ## - ADDED ENTRY--PERSONAL NAME
Personal name მანველიძე, ირაკლი
Relator term სამეცნიერო ხელმძღვანელი
9 (RLIN) 2014
700 ## - ADDED ENTRY--PERSONAL NAME
Personal name შენგელია, თეიმურაზ
Relator term სამეცნიერო ხელმძღვანელი
9 (RLIN) 814
710 ## - ADDED ENTRY--CORPORATE NAME
Corporate name or jurisdiction name as entry element ბათუმის შოთა რუსთაველის სახელმწიფო უნივერსიტეტი
9 (RLIN) 11901
942 ## - ADDED ENTRY ELEMENTS (KOHA)
Source of classification or shelving scheme
Koha item type წიგნი
ეგზემპლარები
ჩამოწერის სტატუსი დაკარგული ეგზემპლარის სტატუსი კლასიფიკაციის წყარო ან თაროზე გაწყობის სქემა დაზიანების სტატუსი არ გაიცემა მუდმივი მდებარეობა (დაცვის ადგილი) ამჟამინდელი ადგილსამყოფელი შეძენის თარიღი სრული შენახვის შიფრი შტრიხკოდი ბოლო ოპერაციის თარიღი ეგზემპლარის მიმდევრობითი ნომერი (კეტერი?) ფასის ძალაში შესვლის თარიღი ეგზემპლარის სახეობა
        შიდა ფონდი ბათუმის შოთა რუსთაველის სახელმწიფო უნივერსიტეტის მთავარი ბიბლიოთეკა ბათუმის შოთა რუსთაველის სახელმწიფო უნივერსიტეტის მთავარი ბიბლიოთეკა 2021-05-27 339 ჯ-42 360 დისერტ. 2021-05-27 360 2021-05-27 წიგნი